| 000 | 00000nam##2200000za#4500 |
| 001 | 9.605185 |
| 003 | CaOODSP |
| 005 | 20210624212004 |
| 007 | cr ||||||||||| |
| 008 | 150406|2009||||xxc|||||o f|0| 0 fre|d |
| 040 | |aCaOODSP|bfre |
| 043 | |an-cn--- |
| 086 | 1 |aTU3-5/09-12F-PDF |
| 110 | 2 |aBureau de la sécurité des transports du Canada. |
| 245 | 10|aPerte de puissance et collision avec des câbles de l'hélicoptère - Enstrom F-28C C-GVQQ à Mont-Laurier (Québec), le 5 août 2009 |h[ressource électronique] |
| 260 | |aGatineau - Québec : |bBureau de la sécurité des transports du Canada |c[2009]. |
| 300 | |a16p.|bill. en couleur, figure, références |
| 490 | 1 |aRapport d'enquête aéronautique |vA09Q0131 |
| 590 | |a13-06-Supp|b2013-03-19 |
| 775 | 08|tLoss of control and collision with cables - Enstrom F-28C Helicopter C-GVQQ Mont-Laurier, Quebec, 05 August 2009 |w(CaOODSP)9.575713 |
| 830 | #0|aRapport d'enquête aéronautique ;|vA09Q0131|w(CaOODSP)9.501229 |
| 856 | 40|ahttp://publications.gc.ca|qPDF|s2074 Ko|uhttps://publications.gc.ca/collections/collection_2013/bst-tsb/TU3-5-09-12-fra.pdf|yA09Q0131 |